Grandpa's town /

A young Japanese boy, worried that his grandfather is lonely, accompanies him to the public bath.

Bibliographic Details
Main Author: Nomura, Takaaki, 1949-
Format: Book
Language:English
Japanese
Published: Brooklyn, N.Y. : Kane/Miller Book Publishers, 1991.
Edition:1st American ed.
Subjects:

MARC

Tag First Indicator Second Indicator Subfields
LEADER 00000pam a2200000 a 4500
001 in00001409963
005 20151020070434.0
008 910312s1991 nyua j 000 1 eng
010 |a  91013431  
020 |a 0916291367 :  |c $13.95 
035 |a (OCoLC)23462686 
035 |9 AHP8901AM 
040 |a DLC  |c DLC  |d UtOrBLW 
041 0 |a eng  |a jpn 
049 |a TXAG 
050 0 0 |a PZ7.N73  |b Gr 1991 
082 0 0 |a [E]  |2 20 
100 1 |a Nomura, Takaaki,  |d 1949- 
245 1 0 |a Grandpa's town /  |c by Takaaki Nomura ; translated by Amanda Mayer Stinchecum. 
250 |a 1st American ed. 
264 1 |a Brooklyn, N.Y. :  |b Kane/Miller Book Publishers,  |c 1991. 
300 |a 1 volume (unpaged) :  |b color illustrations ;  |c 25 x 26 cm. 
336 |a text  |b txt  |2 rdacontent 
337 |a unmediated  |b n  |2 rdamedia 
338 |a volume  |b nc  |2 rdacarrier 
500 |a English and Japanese. 
500 |a Translation of: Ojīchan no machi. 
500 |a "A Cranky Nell book." 
520 |a A young Japanese boy, worried that his grandfather is lonely, accompanies him to the public bath. 
650 1 |a Grandfathers  |x Fiction. 
650 1 |a Baths  |x Fiction. 
650 1 |a Loneliness  |x Fiction. 
651 1 |a Japan  |x Fiction. 
700 1 2 |a Nomura, Takaaki,  |d 1949-  |t Ojīchan no machi.  |l English. 
700 1 2 |a Nomura, Takaaki,  |d 1949-  |t Ojīchan no machi.  |l Japanese. 
999 |a MARS 
999 f f |s f8f6e3cf-9a4f-3dcb-a3e3-442aa5b8c554  |i 2d56a716-2f05-3704-bd55-c2c6bf3ede64  |t 0 
952 f f |p ric  |a Texas A&M University  |b Rellis Campus  |c Joint Library Facility  |d Remote Storage  |t 0  |e PZ7.N73 Gr 1991  |h Library of Congress classification  |i unmediated -- volume  |m A14822371490 
998 f f |a PZ7.N73 Gr 1991  |t 0  |l Remote Storage